| 000 | 00607nam a2200229Ia 4500 | ||
|---|---|---|---|
| 008 | 160901s9999 xx 000 0 und d | ||
| 020 | _a978-981-4227-23-0 | ||
| 050 | _aComSc QA 76.76 | ||
| 050 | _b.O63F59 2007 c.3 | ||
| 100 | _aFlynn, Ida M. | ||
| 245 | _aUnderstanding operating systems / | ||
| 245 | _cIda M. Flynn, Ann Mclver McHoes. | ||
| 250 | _a4th Edition | ||
| 260 | _aSingapore : | ||
| 260 | _bThomson Learning Asia., | ||
| 260 | _c2007 | ||
| 300 | _a555 pages : | ||
| 300 | _bill. ; | ||
| 300 | _c24 cm. | ||
| 500 | _aIncludes index. | ||
| 650 | _aOperating systems (Computers). | ||
| 999 |
_c300883 _d300883 |
||